Farming opportunities in the Union of South Africa (Record no. 124104)
[ view plain ]
| 000 -LEADER | |
|---|---|
| fixed length control field | 01224cam a2200325 a 4500 |
| 001 - CONTROL NUMBER | |
| control field | 1744898 |
| 003 - CONTROL NUMBER IDENTIFIER | |
| control field | ARRUPE |
| 005 - DATE AND TIME OF LATEST TRANSACTION | |
| control field | 20160209104811.0 |
| 007 - PHYSICAL DESCRIPTION FIXED FIELD--GENERAL INFORMATION | |
| fixed length control field | hduafa010bacp |
| 007 - PHYSICAL DESCRIPTION FIXED FIELD--GENERAL INFORMATION | |
| fixed length control field | hdubfa010baap |
| 007 - PHYSICAL DESCRIPTION FIXED FIELD--GENERAL INFORMATION | |
| fixed length control field | hdubfa010babp |
| 008 - FIXED-LENGTH DATA ELEMENTS--GENERAL INFORMATION | |
| fixed length control field | 951004s1926 sa ab a 000 0 eng d |
| 035 ## - SYSTEM CONTROL NUMBER | |
| System control number | (OCoLC)ocm33241780 |
| 035 ## - SYSTEM CONTROL NUMBER | |
| System control number | (NNC)1744898 |
| 037 ## - SOURCE OF ACQUISITION | |
| Stock number | (NNC)MN96-82860-4 |
| Source of stock number/acquisition | ZCU |
| 040 ## - CATALOGING SOURCE | |
| Original cataloging agency | PR1 |
| Transcribing agency | PR1 |
| Modifying agency | ZCU |
| 300 ## - PHYSICAL DESCRIPTION | |
| Other physical details | ill., maps ; |
| Dimensions | 18 cm. |
| 245 00 - TITLE STATEMENT | |
| Title | Farming opportunities in the Union of South Africa |
| Statement of responsibility, etc | compiled and published by the South African Railways & Harbours Administration in collaboration with the Department of Agriculture. |
| 250 ## - EDITION STATEMENT | |
| Edition statement | Rev. ed. |
| 260 ## - PUBLICATION, DISTRIBUTION, ETC. (IMPRINT) | |
| Place of publication, distribution, etc | Johannesburg : |
| Name of publisher, distributor, etc | South African Railways & Harbours, |
| Date of publication, distribution, etc | 1922. |
| 300 ## - PHYSICAL DESCRIPTION | |
| Extent | xx, 354 p. |
| 533 ## - REPRODUCTION NOTE | |
| Type of reproduction | Microfilm. |
| Place of reproduction | New York, N.Y. : |
| Agency responsible for reproduction | Columbia University Libraries, |
| Date of reproduction | 1996. |
| Physical description of reproduction | 1 microfilm reel ; 35 mm. |
| 583 ## - ACTION NOTE | |
| Action | Filmed; |
| Authorization | NEH Project (FMEST); |
| Time/date of action | 1996. |
| 590 ## - LOCAL NOTE (RLIN) | |
| Local note | Master Negative: 96-82860-4. |
| 590 ## - LOCAL NOTE (RLIN) | |
| Local note | No. 4 on a reel of 12 titles. |
| 650 #0 - SUBJECT ADDED ENTRY--TOPICAL TERM | |
| Topical term or geographic name as entry element | Farming |
| Geographic subdivision | South Africa. |
| 9 (RLIN) | 21984 |
| 710 1# - ADDED ENTRY--CORPORATE NAME | |
| Corporate name or jurisdiction name as entry element | South Africa. |
| Subordinate unit | Department of Railways and Harbours. |
| 9 (RLIN) | 22081 |
| 710 1# - ADDED ENTRY--CORPORATE NAME | |
| Corporate name or jurisdiction name as entry element | South Africa. |
| Subordinate unit | Department of Agriculture. |
| 9 (RLIN) | 22082 |
| 942 ## - ADDED ENTRY ELEMENTS (KOHA) | |
| Source of classification or shelving scheme | Library of Congress Classification |
| Koha item type | SPC |
| Withdrawn status | Lost status | Source of classification or shelving scheme | Damaged status | Not for loan | Collection code | Home library | Current library | Shelving location | Date acquired | Total Checkouts | Full call number | Barcode | Date last seen | Price effective from | Koha item type |
|---|---|---|---|---|---|---|---|---|---|---|---|---|---|---|---|
| Library of Congress Classification | SPECIAL Collection | ARRUPE LIBRARY | ARRUPE LIBRARY | Reference | 09/02/2016 | SPC S328.S728 1922 | 46500006182 | 09/02/2016 | 09/02/2016 | SPC |